| 000 | 00560nam a2200181 i 4500 | ||
|---|---|---|---|
| 001 | 94786 | ||
| 003 | ES-MaACL | ||
| 005 | 20231204173721.0 | ||
| 007 | t| | ||
| 008 | 050516s1967 sp ||||1| spa d | ||
| 100 | 1 |
_aLuca de Tena, Torcuato, _d1923-1999 _974516 |
|
| 245 | 1 | 0 |
_aCrónicas parlamentarias / _cTorcuato Luca de Tena; prólogo de Luis Sánchez Agesta. |
| 260 |
_aMadrid : _bPrensa Española, _c1967. |
||
| 300 |
_a158 p. ; _c21 cm. |
||
| 700 | 1 |
_aSánchez Agesta, Luis. _9102435 |
|
| 852 |
_aES-MaACL _jC-34974 _bR.67799 |
||
| 999 |
_c94786 _d94786 |
||